ბათუმის შოთა რუსთაველის სახელმწიფო უნივერსიტეტის ბიბლიოთეკა

Монтаж металлических и железобетонных конструкций. (ბიბ.ჩანაწერი № 37377)

000 -LEADER
fixed length control field 00732nam a2200217Ia 4500
001 - CONTROL NUMBER
control field 3336
003 - CONTROL NUMBER IDENTIFIER
control field GE_BSU
008 - FIXED-LENGTH DATA ELEMENTS--GENERAL INFORMATION
fixed length control field 181216s||||||||xx |||||||||||||| ||und||
040 ## - CATALOGING SOURCE
Transcribing agency GE_BSU
080 ## - UNIVERSAL DECIMAL CLASSIFICATION NUMBER
Universal Decimal Classification number 621.793(075.32)
100 ## - MAIN ENTRY--PERSONAL NAME
Personal name Калинин,Б.П. Мойжес,Л.М. и др.
245 ## - TITLE STATEMENT
Title Монтаж металлических и железобетонных конструкций.
245 ## - TITLE STATEMENT
Statement of responsibility, etc. Ред. изд-во Н.Ф.Голованова.
260 ## - PUBLICATION, DISTRIBUTION, ETC.
Place of publication, distribution, etc. М.
260 ## - PUBLICATION, DISTRIBUTION, ETC.
Name of publisher, distributor, etc. Стройиздат.
260 ## - PUBLICATION, DISTRIBUTION, ETC.
Date of publication, distribution, etc. 1972.
300 ## - PHYSICAL DESCRIPTION
Extent 366 стр. 23 см. 183 илл.
300 ## - PHYSICAL DESCRIPTION
Accompanying material 29 табл.
653 ## - INDEX TERM--UNCONTROLLED
Uncontrolled term Монтаж металлических и железобетонных конструкций.
942 ## - ADDED ENTRY ELEMENTS (KOHA)
Koha item type წიგნი
ეგზემპლარები
Withdrawn status Lost status Damaged status Not for loan Date acquired Barcode Date last seen Price effective from Koha item type
        2018-12-17 10057 2018-12-17 2018-12-17 წიგნი